| 000 | 00593nam a22001937a 4500 | ||
|---|---|---|---|
| 999 |
_c5774 _d5774 |
||
| 003 | AR-CdUCM | ||
| 008 | 190313b ||||| |||| 00| 0 spa d | ||
| 040 |
_aMUNICIPALIDAD PROVINCIAL DEL CUSCO _cBIBLIOTECA MUNICIPAL DEL CUSCO |
||
| 082 |
_a100 / _bV21 |
||
| 100 |
_aValenzuela Zea, Waldo _96810 |
||
| 245 | _aLos Machus, Gentiles o Soqh'as / | ||
| 260 |
_aCusco - Perú : _bEcoPrint ; _c2015. |
||
| 300 |
_a200 páginas ; _c21cm |
||
| 505 | _aContenido: Filosofía Andina | ||
| 650 |
_aFilosofía Andina _911655 |
||
| 650 |
_aFilosofía Inca _96517 |
||
| 942 |
_2ddc _cLIBROS |
||
| 945 | _anom | ||